000 00249nam a22001097a 4500
082 _a380/CHA
100 _aChandra,M.
_981535
245 _aTransforming India
260 _aDelhi
_bBharat Pustak Bhandar
_c2019
650 _aCommars
_981536
942 _cBK
999 _c65597
_d65597